| 000 | 00659nam a2200229Ia 4500 | ||
|---|---|---|---|
| 003 | OSt | ||
| 005 | 20220925193234.0 | ||
| 006 | a|||||r|||| 00| 0 | ||
| 007 | ta | ||
| 008 | 220923b |||||||| |||| 00| 0 eng d | ||
| 037 | _cGeneral Book | ||
| 040 |
_aRTL _cRTL _beng |
||
| 041 |
_2eng _aeng |
||
| 082 | _aX.7913.N6, K7 | ||
| 100 |
_aFerrer Aldo _9151326 |
||
| 245 | 0 | _aArgentina economy Tr by Marjory M Urquidi | |
| 260 |
_aCalifornia _buniversity of california _c1967 |
||
| 300 |
_axii,239p. _ccm. |
||
| 650 | _aEconomic Conditions Latin America | ||
| 942 |
_hX.7913.N6, K7 _cGB _2CC |
||
| 999 |
_c525094 _d525094 |
||